Erste und zweite Torhüter der NLA Saison 22/23 - Statistiken

Allgemein
  • Dieses Quiz wurde 89 mal gespielt
  • Das Durchschnittsergebnis liegt bei 15 aus 28
Antwortstatistiken
Hint Antwort % Korrekt
#30, EV Zug Leonardo Genoni
89%
#91, HC Davos Gilles Senn
83%
#51, EV Zug Luca Hollenstein
77%
#20, Fribourg Gotteron Reto Berra
77%
#1, HC Ajoie Tim Wolf
77%
#29, HC Davos Sandro Aeschlimann
74%
#11, ZSC Lions Simon Hrubec
74%
#1, HC Ambri-Piotta Benjamin Conz
71%
#60, SC Rapperswil Jona Lakers Melvin Nyffeler
66%
#29, Geneve-Servette Robert Mayer
66%
#91, SC Rapperswil Jona Lakers Robin Meyer
63%
#35, EHC Biel Harri Säteri
57%
#30, SC Bern Philip Wüthrich
57%
#39, EHC Kloten Sandro Zurkirchen
51%
#30, HC Ambri-Piotta Janne Juvonen
49%
#38, SCL Tigers Stephane Charlin
49%
#35, Fribourg Gotteron Connor Hughes
46%
#40, HC Ajoie Damiano Ciaccio
46%
#74, Lausanne HC Ivars Punnenovs
46%
#34, HC Lugano Niklas Schlegel
46%
#55, EHC Kloten Juha Metsola
43%
#34, Geneve-Servette Gauthier Descloux
40%
#39, SCL Tigers Luca Boltshauser
37%
#19, HC Lugano Mikko Koskinen
34%
#51, Lausanne HC Tobias Stephan
34%
#35, ZSC Lions Ludovic Waeber
29%
#84, SC Bern Daniel Manzato
23%
#22, EHC Biel Simon Rytz
14%
Keine übereinstimmenden Quizze gefunden
Verteilung der Resultate
Anzahl Personen mit jedem Resultat
Perzentil nach korrekt beantworteten Fragen
Ihre Resultats-Entwicklung
Sie haben dieses Quiz noch nicht gespielt